书目信息 |
| 题名: |
黑白摄影
|
|
| 作者: | 丁珊 | |
| 分册: | ||
| 出版信息: | 杭州 西湖摄影艺术出版社 1996.12 |
|
| 页数: | 132页 | |
| 开本: | ||
| 丛书名: | ||
| 单 册: | ||
| 中图分类: | J406 | |
| 科图分类: | ||
| 主题词: | 摄影艺术--艺术理论 | |
| 电子资源: | ||
| ISBN: | 7-80536-424-9 | |
| 000 | 00503nam0 2200193 45 | |
| 001 | 0308271081 | |
| 005 | 20030827105705.5 | |
| 010 | @a7-80536-424-9@dRMB7.00 | |
| 100 | @a20030827d1996 km y0chiy0120 ea | |
| 101 | @achi | |
| 105 | @a z 000yy | |
| 200 | 1 | @a黑白摄影@Ahei bai she ying@f丁珊@Fding shan |
| 210 | @a杭州@c西湖摄影艺术出版社@d1996.12 | |
| 215 | @a132页@c无图表 | |
| 606 | 0 | @a摄影艺术@x艺术理论 |
| 690 | @aJ406@v3 | |
| 701 | 0 | @a丁珊 |
| 801 | @aCN@b@c20030827 | |
| 905 | @aBZT@dJ406@e28 | |
| 黑白摄影/丁珊.-杭州:西湖摄影艺术出版社,1996.12 |
| 132页:无图表 |
| ISBN 7-80536-424-9:RMB7.00 |
| ● |
| 相关链接 |
|
|
|
正题名:黑白摄影
索取号:J406/28
 
预约/预借
| 序号 | 登录号 | 条形码 | 馆藏地/架位号 | 状态 | 备注 |
| 1 | 83868 | 200055803 | 中心书库中库/ 中库019架A面1列5层43/ [索取号:J406/28] | 在馆 |